Energia para o século XXI (Record no. 175258)

MARC details
000 -LÍDER
campo de controle de tamanho fixo 00365 a2200169 4500
001 - NÚMERO DE CONTROLE
campo de controle 175258
020 ## - ISBN - INTERNATIONAL STANDARD BOOK NUMBER
ISBN - International Standard Book Number 85-08-06888-3
040 ## - FONTE DA CATALOGAÇÃO
Instituição que transcreveu o registro Magnum
100 ## - ENTRADA PRINCIPAL--NOME PESSOAL
Nome pessoal Pontin, Joel a
240 10 - TÍTULO UNIFORME
Título uniforme Energia para o século XXI
Idioma da obra por
245 10 - TÍTULO
Título Energia para o século XXI
300 ## - DESCRIÇÃO FÍSICA
Extensão 72
362 0# - DATAS DE PUBLICAÇÃO E/OU DESIGNAÇÃO SEQUENCIAL
Datas de publicação e/ou designação sequencial 2002
440 #1 - DECLARAÇÃO DE SÉRIE/ENTRADA ADICIONADA--TÍTULO
Título Ática
697 ## - ENTRADA DE ASSUNTO LOCAL--ENTIDADE COLETIVA (RLIN)
Nome corporativo ou nome da jurisdição GEOGRAFIA GERAL
942 ## - ELEMENTOS DE ENTRADA ADICIONADOS (KOHA)
Tipo de material Koha Livros
Holdings
Situação do descarte Situação das perdas Situação física Não pode ser emprestado Biblioteca de origem Biblioteca atual Data de aquisição Total de empréstimos Número de chamada completo Código de barras Data de último acesso Data do preço efetivo Tipo de material Koha
        Magnum Magnum 08/06/2024   0.15 MAG00023680 08/06/2024 08/06/2024 Livros
        Magnum Magnum 08/06/2024   0.15 MAG00023681 08/06/2024 08/06/2024 Livros
        Magnum Magnum 08/06/2024   0.15 MAG00023682 08/06/2024 08/06/2024 Livros
        Magnum Magnum 08/06/2024   0.15 MAG00023683 08/06/2024 08/06/2024 Livros
        Magnum Magnum 08/06/2024   0.15 MAG00023684 08/06/2024 08/06/2024 Livros
        Magnum Magnum 08/06/2024   0.15 MAG00023685 08/06/2024 08/06/2024 Livros
        Magnum Magnum 08/06/2024   0.15 MAG00023686 08/06/2024 08/06/2024 Livros
        Magnum Magnum 08/06/2024   0.15 MAG00023687 08/06/2024 08/06/2024 Livros
        Magnum Magnum 08/06/2024   0.15 MAG00023688 08/06/2024 08/06/2024 Livros
        Magnum Magnum 08/06/2024   0.15 MAG00023689 08/06/2024 08/06/2024 Livros
        Magnum Magnum 08/06/2024   0.15 MAG00023690 08/06/2024 08/06/2024 Livros